000 00325nam a2200145Ia 4500
008 210210b1951 xxu||||| |||| 00| 0 eng d
041 _aeng
082 _a874/35
100 _aJOSEPH MUNDASHERI
245 _aKarindhiri
260 _a
_b-
_c1951
650 _aKarindhiri
690 _aMalayalam Criticism
906 _a002619
999 _c124589
_d124589